| 000 | 00971nam a22002897i 4500 | ||
|---|---|---|---|
| 001 | IT\ICCU\MOD\1771181 | ||
| 003 | ItRI | ||
| 005 | 20260210164223.0 | ||
| 008 | 240118s2022 it |||||| |||||0|||||c | ||
| 020 | _a9788831496681 | ||
| 040 |
_bita _cAR-RoIUNI |
||
| 041 | 7 |
_aita _2ISO-639-2 |
|
| 080 | _a811.131.1 | ||
| 100 | 1 |
_aBalboni, Paolo E. _0IT\ICCU\CFIV\008134 _4aut |
|
| 240 | 1 | 0 |
_aGeografia italiana per stranieri _9Balboni, Paolo E. |
| 245 | 1 | 0 |
_aGeografia italiana per stranieri : _bterritorio, abitanti, economia / _cPaolo E. Balboni ; con la collaborazione di Maria Voltolina. |
| 260 |
_aRoma : _bEdilingua, _c2022 |
||
| 300 |
_a151 p. : _bill. ; _c29 cm |
||
| 490 | 0 | _aCollana cultura italiana | |
| 500 | _aEn portada: B2-C2 | ||
| 650 | 0 |
_aItaliano _xLengua _9544 |
|
| 700 | 1 |
_aVoltolina, Maria _0IT\ICCU\CFIV\185382 _4aut |
|
| 830 | 0 |
_aCollana cultura italiana _0IT\ICCU\BVE\0854210 |
|
| 942 |
_2cdu _cBK |
||
| 981 | 1 |
_6z01 _ai _bxxxe |
|
| 982 | 1 |
_6z01 _an |
|
| 999 |
_c6393 _d6393 |
||